000 00531 a2200181 4500
999 _c29200
_d29200
003 NUST
005 20180118152430.0
008 180118b xxu||||| |||| 00| 0 eng d
020 _a0127039708
020 _a9780127039701
082 0 4 _a621.367
100 1 _aTurner, Martin J.
_98845
245 1 0 _aFractal geometry in digital imaging /
_cMartin J. Turner, Jonathan M. Blackledge, Patrick R. Andrews.
250 _a1st ed.
260 _a[S.l.] :
_bAcademic Press,
_c1998.
300 _a328 p. ;
_c25 cm.
700 1 _aBlackledge, Jonathan M.
_98846
700 1 _aAndrews, Patrick R.
_98847
942 _aSNS
_cBK
_k621.367 TUR
_2ddc